000
00238nam a2200097Ia 4500
001
647579
005
20250826153705.0
008
250824s9999 xx 000 0 und d
245
0
_a
KIR GEZİSİ
_c
GÜLTEN DAYIOĞLU
260
_b
ALTIN KİTAPLAR
999
_c
647579
_d
647579